000 02541nam a22003017a 4500
001 1626
003 FISKH
005 20230911154642.0
008 230911b cb ||||| |||| 00| 0 khr d
020 _a9789924341345
040 _aFISKH
_beng
_cFISKH
_dFISKH
082 _a299.94
100 _aDesplechin, Marie
245 _aកូនធ្មប់ បៃតង /
_cបកប្រែពីភាសាបារាំដោយ ព្រុំ គន្ធារ៉ូ - រូបភាពក្របដោយ សេង វិសុទ្ធ
260 _aParis :
_bSipar,
_c2021.
300 _a130 pages :
_billustrations ;
_c19 cm
490 _aអក្សសិល្ប៍យុវវ័យ
505 _aZ'
520 _aអាយុ១១ឆ្នាំទៅហើយ បៃតងជាក្មេងស្រីំម្នាក់ដែលគ្មានបង្ហាញសញ្ញាណជាធ្មប់អ្វីទេ។ កាន់តែយ៉ាប់ជាងនេះទៅទៀត នាងមិនចង់ក្លាយជាធ្មប់ទាល់តែសោះ គឺនាងចង់ធ្វើជាក្មេងស្រីធ្ម្មតា ហើយរៀបការពេលធំឡើង។ ម្ដាយរបស់បៃតងឈ្មោះអៀស៊ីល ជាមនុស្សចចេសណាស់។ គាត់សម្រេចឳ្យនាងទៅរៀនអ្វីជាធ្មប់ ពីម្ដាយគាត់ ឈ្មោះអាណាស្តាបុត។ ជាលទ្ធផល បៃតងបានក្លាយដូចអ្វីដែលម្ដាយនាងចង់បាន តែវាក៏ជ្រុលបន្តិចដែរ។
520 _aAt the age of 11, Baitong is a young girl who shows no signs of being a witch. Worse, she did not want to be a witch at all, she wanted to be a normal girl and get married when she grew up. Baitong's mother, Easil, is a very stubborn person. She decides to send her to learn witchcraft from her mother, Anna Stabut. As a result, the Baitong turned out to be what her mother wanted, but it was a bit too much.
521 8 _a920
_bLexile estimate
521 8 _aZ'
_bRaz-Plus
650 _aធម្មតា
_vសញ្ញា
_xវិជ្ជាធ្មប់
_yធ្មប់
650 _aNormal
_vSign
_xWitchcraft
_yWitch
700 _aKunthearo, Prum
_dTranslator
700 _aVisoth, Seng
_eillustrator
942 _2ddc
_cKHB
_n0
999 _c1626
_d1626